Statistics for Bouvet Island Quiz

Click here to take the quiz!

General Stats

  • This quiz has been taken 11 times
  • The average score is 6 of 10

Answer Stats

QuestionAnswer% Correct
Population of Bouvet Island0
100%
The nearest continentAntarctica
100%
What country does Bouvet Island belong toNorway
100%
If you round it to the nearest number, The percentage of the island is glaciated this much90%
78%
Type of island Bouvet isVolcanic
67%
Year it was integrated into Norway1928
44%
Year it gained dependency status1930
33%
Year the island become a nature reservation1971
33%
The first person to discover the islandJean-Baptiste Charles
33%
The UK named Bouvet Island this nameLiverpool Island
33%

Score Distribution

Percentile by Number Answered

Percent of People with Each Score

Your Score History

You have not taken this quiz